书目信息 |
| 题名: |
体育隐蔽课程的基本理论与实践
|
|
| 作者: | 曲宗湖 主编 ;姚蕾 著 | |
| 分册: | ||
| 出版信息: | 北京 人民体育出版社 2002.01 |
|
| 页数: | 153页, [3] 页图版 | |
| 开本: | 20cm | |
| 丛书名: | 21世纪体育教师继续教育丛书 | |
| 单 册: | ||
| 中图分类: | G807.01 | |
| 科图分类: | ||
| 主题词: | 学校体育--xue xiao ti yu--教学研究--高等师范教育--教材 | |
| 电子资源: | ||
| ISBN: | 7-5009-2215-9 | |
| 000 | 01052nam 2200265 450 | |
| 001 | 012007320656 | |
| 005 | 20071010100142.39 | |
| 010 | @a7-5009-2215-9@dCNY11.00 | |
| 100 | @a20070525d2002 km y0chiy0120 ea | |
| 101 | 0 | @achi |
| 102 | @aCN@b110000 | |
| 105 | @aafh a 000yy | |
| 200 | 1 | @a体育隐蔽课程的基本理论与实践@Ati yu yin bi ke cheng de ji ben li lun yu shi jian@f曲宗湖主编@Fqu zong hu zhu bian@g姚蕾著@Gyao lei zhu |
| 210 | @a北京@c人民体育出版社@d2002.01 | |
| 215 | @a153页, [3] 页图版@c图, 摹真@d20cm | |
| 225 | 2 | @a21世纪体育教师继续教育丛书@A21 shi ji ti yu jiao shi ji xu jiao yu cong shu |
| 320 | @a有书目 (第149-152页)。 | |
| 330 | @a本书包括:认识体育隐蔽课程、体育隐蔽课程的功能和目标、体育隐蔽课程的理论基础、体育隐蔽课程的设计、体育隐蔽课程的实施等内容。 | |
| 410 | 0 | @12001 @a21世纪体育教师继续教育丛书 |
| 606 | 0 | @a学校体育@Axue xiao ti yu@x教学研究@x高等师范教育@j教材 |
| 690 | @aG807.01@v4 | |
| 701 | 0 | @a曲宗湖@Aqu zong hu@4主编 |
| 702 | 0 | @a姚蕾@Ayao lei@4著 |
| 801 | 0 | @aCN@c20071010 |
| 905 | @dG807.01@eQ801 | |
| 体育隐蔽课程的基本理论与实践/曲宗湖主编/姚蕾著.-北京:人民体育出版社,2002.01 |
| 153页, [3] 页图版:图, 摹真;20cm.-(21世纪体育教师继续教育丛书) |
| ISBN 7-5009-2215-9:CNY11.00 |
| 本书包括:认识体育隐蔽课程、体育隐蔽课程的功能和目标、体育隐蔽课程的理论基础、体育隐蔽课程的设计、体育隐蔽课程的实施等内容。 |
| ● |
| 相关链接 |
|
|
|
正题名:体育隐蔽课程的基本理论与实践
索取号:G807.01/Q801
 
预约/预借
| 序号 | 登录号 | 条形码 | 馆藏地/架位号 | 状态 | 备注 |
| 1 | 243034 | 202430342 | 社科库409/409社科库 19排4列3层/ [索取号:G807.01/Q801] | 在馆 |